| 000 | 00371nam a22001577a 4500 | ||
|---|---|---|---|
| 003 | SGT | ||
| 020 | _a978938959539 | ||
| 082 |
_a611 _bL20K |
||
| 100 | _aKREBS, CLAUDIA | ||
| 245 | _aLIPPINCOTT ILLUSTRATED REVIEWS NEUROSCIENCE | ||
| 250 | _a1ST S.A. | ||
| 260 |
_aINDIA _bWOLTERS KLUWER PUB _c2020 |
||
| 300 | _a468 | ||
| 650 | _aPHYSIOTHERAPY | ||
| 942 |
_2ddc _cBK _06 |
||
| 999 |
_c21981 _d21981 |
||